| 000 | 00792nam a2200241Ia 4500 | ||
|---|---|---|---|
| 008 | 191130s2004##################000#0#eng## | ||
| 020 | _a9783540442066 | ||
| 022 | _a2004102320 | ||
| 040 |
_aACL _cACL |
||
| 082 | _a006.7 HAG | ||
| 245 |
_aInteractive dramaturgies : new approaches in multimedia content and design _cHeide Hagebölling (ed.) |
||
| 260 |
_aBerlin _bSpringer _cc2004 |
||
| 300 | _axiv, 260 p. : ill. (some col.) ; 25 cm | ||
| 500 | _aIncludes bibliographical references | ||
| 650 | _aDigital media | ||
| 650 | _aDrama - Technique - Computer programs | ||
| 650 | _aInteractive multimedia - Authoring programs | ||
| 650 | _aMultimedia systems | ||
| 700 | _aHagebölling, Heide | ||
| 990 | _adb668c27ac10000c26f7a616e55dc352 | ||
| 991 | _a119578 | ||
| 999 |
_c217123 _d217123 |
||